| 000 | 00565nam a2200205Ia 4500 | ||
|---|---|---|---|
| 008 | 180207s9999 xx 000 0 und d | ||
| 020 | _a9789715905455 | ||
| 050 | _bO413 2005 | ||
| 100 | _aO'Keefe, Susan Heyboer | ||
| 245 | _aBe the star that you are! : | ||
| 245 | _ba book for kids who feel different / | ||
| 245 | _cby Susan Heyboer O'Keefe ; illustrated by R. W. Alley. | ||
| 260 | _aUSA : | ||
| 260 | _bOne Caring Place, | ||
| 260 | _c2005 | ||
| 300 | _aunpaged : | ||
| 300 | _bchiefly colored ; | ||
| 300 | _c21cm. | ||
| 440 | _aPhonics readers. | ||
| 999 |
_c355569 _d355569 |
||